Personnalités du 19e siècle - Mort subite. - Statistiques

Statistiques générales
  • Ce quiz a été pris 336 fois
  • Le résultat moyen est 3 sur 13
Answers on the Grid
Answers color-coded by a green-red scale on the quiz's grid according to % correct below.
Charles de Gaulle
Théodore Roosevelt
Louis Pasteur
Pablo Picasso
Pape Jean XXIII
Marcel Pagnol
Tchang Kaï-chek
Louis XVIII
Jules Ferry
Alfred Nobel
Dwight D. Eisenhower
Charles-Maurice de Talleyrand
Nikita Khrouchtchev
Hirohito
François Mitterrand
Maximilien de Robespierre
Benjamin Franklin
Pierre de Marivaux
Chrétien de Malesherbes
Margaret Thatcher
Louis Armstrong
Joséphine Baker
Louis XVI
Antonio Vivaldi
Louis de Funès
Salvador Dalí
Walt Disney
Jacques II d'Angleterre
 
Statistiques - réponses
Réponse % Correct
Jules Ferry
54%
Louis Pasteur
49%
Louis XVIII
39%
Alfred Nobel
29%
Charles-Maurice de Talleyrand
26%
Charles de Gaulle
24%
Théodore Roosevelt
24%
Marcel Pagnol
16%
Pablo Picasso
16%
Dwight D. Eisenhower
15%
Pape Jean XXIII
9%
Nikita Khrouchtchev
7%
Tchang Kaï-chek
4%
Aucun quiz correspondant
Distribution des résultats
% des personnes avec chaque résultat
Percentile par nombre de réponses
Votre historique - résultats
Vous n’avez pas pris ce quiz